000 00662nam a2200241Ia 4500
003 OSt
005 20220918172531.0
006 a|||||r|||| 00| 0
007 ta
008 220917b |||||||| |||| 00| 0 eng d
024 _a1,374
037 _cTextual
040 _aARTS
_cARTS
_beng
041 _2eng
_aeng
082 _aND44,C8(Q41:22522), N3
100 _aNagar Shanti Lal
_95836
245 0 _aJatakas in Indian art
260 _aDelhi
_bParimal Pub
_c1993
300 _axxiv, 212p.
_ccm.
650 _aSCULPTURE; ARTS
_94559
942 _hND44,C8(Q41:22522), N3
_cTEXL
_2CC
999 _c144387
_d144387